000 01027nam a2200241 4500
005 20240530110948.0
008 221205s2021 ua abh g b 000 0 ara d
017 _a2020/22979
_bمصر. دار الكتب
020 _a9789773224332
040 _aEG-CaGPL
_cEG-CaGPL
082 0 4 _221
_a939.2
_bأ أ
100 0 _aالجوهرة عبدالله سلطان الشهرانى
245 1 0 _aامارة قرمان فى اسيا الصغرى :
_b625 -888 هـ / 1227 - 1483 م /
_cتاليف الجوهرة عبدالله سلطان الشهرانى
250 _aط.1
260 _aالقاهرة :
_bعين للدراسات و البحوث الانسانية و الاجتماعية،
_c2021.
300 _a207 ص. :
_bايض ؛
_c24 سم.
504 _aيشتمل على ارجاعات ببليوجرافية
651 0 7 _2qrmak
_aاسيا الصغرى
_xتاريخ
651 0 7 _2qrmak
_aتركيا
_xتاريخ
651 0 7 _2qrmak
_aامارة قرمان
942 _2ddc
_cBK
999 _c66943
_d66943